000
00374nam a2200133Ia 4500
008
100328s9999 xx 000 0 und d
082
_b
20207
100
_a
प्रभू बबन
245
_a
चोरावर मोर
260
_b
मॅजेस्टिक
630
_a
चोरावर मोर
730
_a
चोरावर मोर
942
_c
BOOK
999
_c
514392
_d
514389